000 00626nam a2200205Ia 4500
005 20260415173415.0
008 008 250505s9999 xx 000 0 eng d
020 _a978-93-5208-193-6
037 _aTextBook
040 _aFEDL
_beng
_cFEDL
041 _aeng
_2eng
084 _a363.7 SAR/R
_qFEDL
100 _aSaravanan Velayutham
245 0 _aEnvironmental history of modern India: Land, population, technology and development
260 _aNew Delhi, India
_bBloomsbury
_c2022
300 _axvi, 261p.
365 _aINR
_b1299
942 _cTB
_h363.7 SAR/R
999 _c1400114
_d1400114